000 00311nam a22001337a 4500
008 170511b xxu||||| |||| 00| 0 eng d
020 _a9780205607679
041 _aeng
080 _26TH
_a35
100 _a15
101 _aSHJ
245 _aINTRODUCTING PUBLIC ADMINISTRATION
_cSHAFRITZ, J.M
942 _2udc
_cBK
999 _c13257
_d13257